000 00680nam a22002297a 4500
003 OSt
005 20180116183033.0
008 160209b xxu||||| |||| 00| 0 eng d
020 _a9781784150419
022 _a9781784150556
040 _c0
050 _a657
082 _a657 ACC 2015
100 _aKaplan Publishing
110 _aKaplan Publishing.
245 _aACCA Exam Kit Paper P6 Advanced Taxation FA14 (ATX)
_cKaplan Publishing.
_bExam Kit -1 april 2015 to 31 March 2016
260 _aUK
_bKaplan Publishing.
_c2015.
300 _a636 p.
_bPB
440 _aACCA Exam Kit Paper P6 Advanced Taxation FA14 (ATX)
500 _aPaper Cover
942 _2ddc
_cBK
_k657
999 _c351115
_d351115